01852nam a2200349 a 4500001001000000003000900010005001700019008004100036020001500077040002500092082002100117100003600138245017200174260006600346300003900412490004200451500003200493500007400525500003500599650004200634650003800676651004700714700004100761830005000802942001400852952012900866952012900995952012901124952011401253952012001367999001501487000008146DO-SdBNP20211203123732.0090915s2007 dr ab 001 0 spa d a9945421093 aDO-SdBNPbspacBNPHU 4a929.2bS593h2221 aSimó Torres, Dennis R.91796310aHuellas de familia :bla familia Simó, de Cataluña a Santo Domingo : estudio genealógico /cDennis R. Simó Torres ; investigador Armand de Fluviá y Escorsa,. aSanto Domingo :bInstituto Dominicano de Genealogía,c2007. av. :bil., maps., retrs. ;c31 cm.1 aInvestigación genealógica ;vv. 8 aLa biblioteca posee el v. 3 aIncluye referencias bibliográficas y notas al pie de las páginas. aIncluye índice onomástico. 4aSimó (Familia)xGenealogía922108 4aSimó (Familia)xHistoria922109 4aRepública DominicanaxGenealogía921571 aFluviá y Escorsa, Armand de922110 0aInvestigación genealógica ;nno. 8922111 2ddccLBS1 001052708DSaGRbGRcHDd2010-02-09iLF1l0o929.2 S593hp8146-30r2020-06-25te. 3w2020-06-25yLFDSZPréstamo interno 001052708DSaGRbGRcHDd2010-02-09iLF1l0o929.2 S593hp8146-40r2020-06-25te. 4w2020-06-25yLFDSZPréstamo interno 001052708DSaGRbGRcHDd2010-02-09iLF1l0o929.2 S593hp8146-50r2020-06-25te. 5w2020-06-25yLFDSZPréstamo interno 0010718PDaPDbPDcCTd2009-09-15iLF1l0o929.2 S593hp8146-10r2020-06-25w2020-06-25yLFPDZNo se presta 0010718PDaPDbPDcCTd2009-09-29iLF1l0o929.2 S593hp8146-20r2020-06-25te. 2w2020-06-25yLFPDZNo se presta c7923d7923